Connected by Hands and Hearts : international glass symposium & exhibition /

Korporativní autor: Meriva Translations (firma)
Další autoři: Connected by Hands and Hearts (sympozium), Nový, Petr, 1973-
Jazyk: Angličtina
Vydáno: [Jablonec nad Nisou] : Museum of Glass and Jewellery in Jablonec nad Nisou, 2024
Témata:
Fyzický popis: 47 nečíslovaných stran : barevné ilustrace ; 21 x 24 cm
Knihy
Uloženo v:
LEADER 02673nam a2200649 i 4500
001 nkc20243644113
003 CZ PrNK
005 20250122085318.0
007 ta
008 241121s2024 xr ac e c 100 0 eng
015 |a cnb003644113 
020 |a 978-80-86397-54-2  |q (brožováno) 
035 |a (OCoLC)1498299714 
040 |a BOA001  |b cze  |e rda 
041 1 |a eng  |h cze 
043 |a e-xr---  |a e------ 
045 |a y2y2 
072 7 |a 74  |x Kresba. Umělecká řemesla  |2 Konspekt  |9 21 
080 |a 7.091  |2 MRF 
080 |a 748  |2 MRF 
080 |a (437.3)  |2 MRF 
080 |a (4)  |2 MRF 
080 |a (084.12)  |2 MRF 
080 |a (083.824)  |2 MRF 
111 2 |a Connected by Hands and Hearts (sympozium)  |d (2024 :  |c Lvová, Jablonné v Podještědí, Česko)  |7 mzk20251248658  |4 aut 
245 1 0 |a Connected by Hands and Hearts :  |b international glass symposium & exhibition /  |c curator, texts: Petr Nový ; translations: Meriva Translations s.r.o., Praha 
246 3 0 |a Connected 
264 1 |a [Jablonec nad Nisou] :  |b Museum of Glass and Jewellery in Jablonec nad Nisou,  |c 2024 
300 |a 47 nečíslovaných stran :  |b barevné ilustrace ;  |c 21 x 24 cm 
336 |a text  |b txt  |2 rdacontent 
336 |a statický obraz  |b sti  |2 rdacontent 
337 |a bez média  |b n  |2 rdamedia 
338 |a svazek  |b nc  |2 rdacarrier 
500 |a Přeloženo z češtiny 
500 |a Obsahuje QR kódy s přístupem k rozšiřujícím materiálům 
611 2 7 |a Connected by Hands and Hearts (sympozium)  |d (2024 :  |c Lvová, Jablonné v Podještědí, Česko)  |7 mzk20251248658  |2 czenas 
648 4 |a 2024 
648 7 |a 2021-2030  |7 ch1094457  |2 czenas 
648 7 |a 21. století  |7 ch460559  |2 czenas 
650 0 7 |a umělecká sympozia  |7 ph135219  |z Česko  |y 2021-2030  |2 czenas 
650 0 7 |a umělecké sklářství  |7 ph346541  |z Evropa  |y 21. století  |2 czenas 
650 0 7 |a umělecké sklo  |7 ph126905  |z Evropa  |y 21. století  |2 czenas 
650 0 9 |a art symposiums  |z Czechia  |y 2021-2030  |2 eczenas 
650 0 9 |a art glass manufacture  |z Europe  |y 21st century  |2 eczenas 
650 0 9 |a art glass  |z Europe  |y 21st century  |2 eczenas 
655 7 |a fotografické publikace  |7 fd132276  |2 czenas 
655 7 |a katalogy výstav  |7 fd132536  |2 czenas 
655 9 |a photographical works  |2 eczenas 
655 9 |a exhibition catalogs  |2 eczenas 
700 1 |a Nový, Petr,  |d 1973-  |7 mzk2002160822  |4 aut 
710 2 |a Meriva Translations (firma)  |7 mzk20221164913  |4 trl 
910 2 |a BOA001  |b 2-1537.166 
928 9 |a Muzeum skla a bižuterie v Jablonci nad Nisou 
990 |a BK 
995 |a 01 
991 |b 202501  |c NOV 
996 6 |b 2610989265  |c 2-1537.166  |l MZK  |r Sklad / do 1 hodiny  |n 0  |p p.v.  |w 001988614  |u 000010  |a 1  |e BOA001  |j MZK50  |s P